| 000 | 00436nam a2200145 a 4500 | ||
|---|---|---|---|
| 001 | 000031783 | ||
| 005 | 20200930063158.0 | ||
| 008 | 110701s20uu dr 000 0 spa d | ||
| 040 |
_aDO-SdBNP _bspa _cBNHU |
||
| 100 | 1 |
_aVargas, José Rafael _921851 |
|
| 245 | 1 | 3 |
_aEl proceso político dominicano / _cJosé Rafael Vargas. |
| 260 |
_aSanto Domingo : _b[s.n.], _c[200?]. |
||
| 300 |
_a1v. con varias paginaciones ; _c28 cm. |
||
| 049 | _aBNPD | ||
| 999 |
_c31275 _d31275 |
||